000 00753nam a2200253 4500
001 3165519
003 ARRUPE
005 20160927102016.0
008 750522s1965 enka b 000 0 eng
010 _a 75303856
040 _aDLC
_cDLC
_dDLC
043 _afe-----
050 0 0 _aBR1440
_b.W44
082 0 0 _a209/.67
100 1 _aWelbourn, Frederick Burkewood.
_918561
245 1 0 _aEast African Christian
_c[by] F. B. Welbourn.
260 _aLondon,
_bOxford University Press,
_c1965.
300 _avi, 226 p.
_billus.
_c19 cm.
490 0 _aThe Students' library 4
504 _aBibliography: p. 214-218.
650 0 _aChristianity
_zAfrica, Eastern.
_926226
906 _a7
_bcbc
_corignew
_d4
_encip
_f19
_gy-gencatlg
942 _2lcc
_cMONOGRAPH
999 _c125358
_d125358